000 00348nam a2200133Ia 4500
008 190722s9999 xx 000 0 und d
020 _a978-81-265-6296-1
100 _aHoward Anton
245 0 _aElementary linear Algebra with supplemental applications
250 _a11th
260 _aIndia
_bWiley India
_c2016
300 _a768
942 _cBK
999 _c1189
_d1189